| 000 | 00997cam a2200253 i 4500 | ||
|---|---|---|---|
| 003 | SA-RiAUC | ||
| 005 | 20260415150057.0 | ||
| 008 | 260313q19501959||| g 00000 ara c | ||
| 040 |
_aAE-AdMPA _bara _cSA-RiAUC _erda |
||
| 082 | 0 | 4 | _a247.96 |
| 090 |
_aم ن 247.96 _bا ذ ن |
||
| 100 | 1 |
_aالأذني، سليمان، _cأفندي، _d1834-1866 _eمؤلف. |
|
| 245 | 1 | 2 |
_aالباكورة السليمانية في كشف أسرار الديانة النصيرية / _cسليمان الأذني. |
| 264 | 1 |
_a[مكان النشر غير محدد] : _b[الناشر غير محدد]، _c[بين 1950 و1959] |
|
| 300 |
_a119 صفحة ؛ _c29 سم |
||
| 336 |
_aنص _btxt _2rdacontent _3كتاب |
||
| 337 |
_aبدون وسيط _bn _2rdamedia |
||
| 338 |
_aمجلد _bnc _2rdacarrier |
||
| 562 | _aنسخة مصورة. | ||
| 650 | 7 |
_aالنصيريون _2aucsh |
|
| 650 | 7 |
_aالفرق الإسلامية _2aucsh |
|
| 942 |
_2ddc _cRBOOK COPY _n0 |
||
| 949 |
_aSA-JeALM _d260313 _umohamedma123 _n1 |
||
| 999 |
_c14804 _d14804 |
||